Quiz Cultura Generale - Quiz n°21 - Statistics

Statistiche generali
  • Questo quiz è stato fatto 210 volte
  • Il punteggio medio è 8 su 15
Statistiche sulle risposte
Domanda Risposta % Corretto
Come si traduce il termine francese "petit"? Piccolo
94%
Dove risiedevano gli dei dell'Antica Grecia? Monte Olimpo
93%
Quale canale televisivo manda in onda il programma "Avanti un altro"? Canale 5
86%
Qual è la capitale del Marocco? Rabat
75%
In quale regione italiana si trova la Val Camonica? Lombardia
57%
Qual è l'animale nazionale della Francia? Gallo
56%
Qual è, per popolazione, la seconda città del Piemonte? Novara
53%
Qual è il secondo fiume più lungo d'Italia? Adige
49%
Chi è il cugino fortunato di Paperino? Gastone Paperone
45%
Come è detto un nome al singolare che denota un insieme di entità o individui? Nome collettivo
38%
Quale era geologica precede la nostra (Cenozoico)? Mesozoico
35%
In quale stato si trova la città di Uppsala? Svezia
29%
Quale stato fu invaso dalla Germania tra il 4 ed il 21 agosto 1914? Belgio
28%
Chi è il custode del Purgatorio secondo la Divina Commedia? Marco Porcio Catone Uticense
14%
Come viene detta una lava con una percentuale di silicati oltre il 65%? Lava acida
5%
Nessun quiz corrispondente trovato
Distribuzione punteggi
Percentuale di utenti per punteggio
Percentile per numero di risposta
I tuoi punteggi nel tempo
Non hai fatto questo quiz